Statistiques concernant Pokémon-Qui est ce personnage version hardcore

Cliquez ici pour prendre le quiz!

Statistiques générales

  • Ce quiz a été pris 24 fois
  • Le résultat moyen est 10 sur 25

Statistiques - réponses

IndicePersonnage% Correct
Coordinatrice et nièce de Marc à HoennAtalante
67%
Petit-fils de GoyahGuajava
56%
Mari d'Elsa-Mina et père de Gladio et LilieMohn
56%
Cousin d'Alola du Professeur ChenRaphael Chen
56%
Commandant de la Team Rocket ayant pris l'apparence du
directeur de la Tour Radio de Doublonville
Lambda
50%
Responsable de la Maison Pokémon de LavanvilleM.Fuji
50%
Jeune orpheline d'Illumis recueillie par BeladonisMillie
50%
Grand-père de Cornélia responsable de la Tour Maîtrise de YantreizhPépé Volution
50%
Coéquipière de Beladonis à AlolaCathy
44%
Photographe itinérant de Johto dans Heartgold et SoulsilverF.Otto
44%
Responsable du Système de Stockage de la région d'UnysBoletta
39%
Dresseur partenaire du Mont AbruptCornil
39%
Personnel de l'entrée des Arènes qui donne des conseilsGuido
39%
Compagnon de Piko le GoéliseM.Marco
39%
Ami du Professeur Orme et collectionneurM.Pokémon
39%
Habitante de Safrania qui ne peut pas s'empêcher d'imiter
les gens et les Pokémon
La Copieuse
33%
Scientifique emmené au Site Météore par la Team Aqua/MagmaProfesseur Kosmo
33%
Dresseuse partenaire de la Forêt VestigionSarah
33%
Dresseuse partenaire de la Grotte RevêcheMaite
28%
Pharamp malade du phare d'OlivillePhary
28%
Dresseuse partenaire de la Route VictoireViviane
28%
Assistante du Professeur PlataneSina
22%
Responsable du Système de Stockage des îles SeviiCiléo
17%
Responsable du Système de Stockage de la région de HoennAnnette
11%
Grande soeur de Blue et petite fille du Professeur ChenNina Chen
11%

Distribution des résultats

Percentile par nombre de réponses

% des personnes avec chaque résultat

Votre développement - résultats

Vous n’avez pas pris ce quiz